| 000 | 00848nam a22002415i 4500 | ||
|---|---|---|---|
| 999 |
_c7891 _d7891 |
||
| 001 | 23675156 | ||
| 003 | OSt | ||
| 005 | 20240515110729.0 | ||
| 008 | 240314s2024 sp 000 0 spa | ||
| 020 | _a9788412628586 | ||
| 035 | _a(SP-BaPL)pu240754913 | ||
| 040 |
_aDLC _beng _erda _cCDMR |
||
| 042 | _apcc | ||
| 100 | 1 |
_aMoix, Ana María, _d1947-2014. |
|
| 245 | 1 | 0 |
_aConversaciones en el tiempo : _bveintinueve entrevistas / _cAna Maria Moix ; [retratos, Colita]. |
| 264 | 1 |
_a[Madrid] : _bAmarillo Editora, _c2024. |
|
| 300 |
_a320 pàgines, [4] pàgines de làmines : _bil·lustracions ; _c21 cm |
||
| 505 | _aConté 29 entrevistes publicades al diari Tele/eXprés a principis de la dècada de 1970. | ||
| 700 | 0 |
_aColita _93026 _d1940-2023 |
|
| 906 |
_a0 _bibc _corigres _du _encip _f20 _gy-gencatlg |
||
| 942 |
_2udc _cMON |
||